00658npc a2200193Ia 4500001001300000003001000013008004100023040002500064041000700089100002300096240007900119245007900198250001100277260004300288300001100331500008700342650001600429700001900445onu23-34445 IT-MiCISF161014s9999||||xx | und|| aIT-MiCISFcIT-MiCISF aen aRychtarikova Jitka aFertility and Family Surveys in Countries of the Ece Region Czech Republic 0aFertility and Family Surveys in Countries of the Ece Region Czech Republic a1a ed. a New York-GenevabUnited Nationsc2001 app. 98 a / famiglia, demografia, statistica, fecondità, nuzialità, divorzio, aborto /  apopolazione aKraux Jaroslav